000 00613nam a22001937a 4500
005 20251108164842.0
008 250721s1992 xx 000 0 ara d
082 1 4 _a371.33/عبد
100 1 _aالطيطي، عبد الجواد فائق
245 1 0 _aتقنيات التعليم بين النظرية و التطبيق /
264 1 _aاربد :
_bالمؤلف،
_c1992.
300 _a360ص
650 1 7 _aالتدريس
650 1 7 _aوسائل التدريس
650 1 7 _aأساليب التدريس
650 1 7 _aالوسائل السمعية و البصرية
942 _2ddc
_cBK
999 _c15866
_d15866